00776nam a2200193Ia 4500008004100000020001800041041000800059082001600067100001300083245013200096250001200228260002500240300002800265365001700293700001300310906005400323999001900377952018600396230718s9999 xx 000 0 und d a9789352139057 aeng a006.31bGER aGeron A. aHands-On Machine Learning With Scikit-Learn, Keras And TensorFlowbConcepts, Tools, And Techniques To Build Intelligent Systems a2nd ed. c2019bSPD / O'reilly a819dRef 1607 C (61931) cRs.b2275.00 aGeron A. dO:0683031-Dec-2019B:99718-Dec-2019cBCOMPb568.75 c350728d350728 00104070aCCEPbCCEPd2019-12-31eVarma Book DistributorsfBCOMPg1706.25i997l10o006.31pCCEP-BK-61935r2025-10-09 10:37:17s2025-09-25t568.75v2275.00w2019-12-18yBKz061935